<The> Role of the EU funds in the development of entrepreneurship in the region
Salvato in:
| Autore principale: | |
|---|---|
| Natura: | Capitolo di libro |
| Lingua: | inglese |
| Soggetti: | |
| Tags: |
Nessun Tag, puoi essere il primo ad aggiungerne!!
|
MARC
| LEADER | 00000naa$a2200000$$$4500 | ||
|---|---|---|---|
| 001 | 0032204 | ||
| 005 | 20221207104956.8 | ||
| 041 | 0 | |a eng | |
| 044 | |a SK | ||
| 245 | 1 | 0 | |a <The> Role of the EU funds in the development of entrepreneurship in the region |c Renata Maćkowska |
| 610 | 2 | 0 | |a regióny |
| 610 | 2 | 0 | |a politika regionálna |
| 610 | 2 | 0 | |a rozvoj regionálny |
| 610 | 2 | 0 | |a podnikanie |
| 610 | 2 | 0 | |a podnikanie malé |
| 610 | 2 | 0 | |a podnikanie stredné |
| 610 | 2 | 0 | |a Poľsko |
| 610 | 2 | 0 | |a fondy štruktúrne |
| 610 | 2 | 0 | |a Európska únia |
| 100 | 1 | |a Maćkowska, Renata | |